Handbook of modern office management and administrative services (Record no. 28457)

MARC details
000 -LEADER
fixed length control field 00344nam a2200121Ia 4500
082 ## - DEWEY DECIMAL CLASSIFICATION NUMBER
Classification number 651(035)
Item number HEY
245 #0 - TITLE STATEMENT
Title Handbook of modern office management and administrative services
260 ## - PUBLICATION, DISTRIBUTION, ETC. (IMPRINT)
Place of publication New York
Name of publisher McGraw Hill
Year of publication 1972
650 ## - SUBJECT ADDED ENTRY--TOPICAL TERM
Topical Term Office management
700 ## - ADDED ENTRY--PERSONAL NAME
Personal name Heyel, Carl
942 ## - ADDED ENTRY ELEMENTS (KOHA)
Koha item type Books
Holdings
Withdrawn status Lost status Damaged status Not for loan Home library Current library Date acquired Cost, normal purchase price Full call number Accession Number Koha item type
        RRII Library RRII Library 16/12/2021 42.00 651(035) HEY 09056 Books